Labor proteccionista de la administración forestal / por Tomás Hernández Cabezas
Publicado:
San Jorge, núm. 79 - 80 (3r i 4rt trimestre 1970), pàg 76 - 81 :
MARC
| LEADER | 00000nam a2200000Ia 4500 | ||
|---|---|---|---|
| 001 | |||
| 008 | 160829s9999 xx 000 0 cat d | ||
| 100 | 1 | |a Hernández, Tomás, |d 1919-2013 |9 20277 | |
| 245 | |a Labor proteccionista de la administración forestal / por Tomás Hernández Cabezas | ||
| 260 | |a San Jorge, núm. 79 - 80 (3r i 4rt trimestre 1970), pàg 76 - 81 | ||
| 650 | 0 | |a Boscos i silvicultura |x Barcelona (Província) |9 40654 | |
| 650 | 0 | |a Natura |x Protecció |9 40664 | |
| 650 | |a Nicolás Isasa, José Javier |x Intervius |9 40656 | ||
| 901 | |a Arxiu | ||
| 942 | |n 1 | ||
| 952 | |0 0 |1 0 |4 0 |7 1 |9 49835 |a Arxiu |b Arxiu |d 2016-12-01 |l 0 |r 2016-12-01 00:00:00 |w 2016-12-01 |y ARXIU | ||
| 999 | |c 53677 |d 53677 | ||